| 000 | | | 03682nac2a22002651x 450 |
| 001 | | | 3239fd9e-6a85-4a28-b8b0-1fbe0d1b0f85 |
| 005 | | | 20131029133226.0 |
| 100 | ## | $a | 20130605l1901 k y0rusy50 ca |
| 101 | 0# | $a | rus |
| 102 | ## | $a | RU |
| 105 | ## | $a | y z ||||| |
| 200 | 1# | $a | Викторов П. П. "Живые вопросы текущей современности" |
| | $j | 1901 |
| 215 | ## | $a | 27 листов |
| 251 | ## | $c | Дело |
| 300 | ## | $a | С дарственной надписью автора Кони А. Ф. |
| 300 | ## | $a | Лист 1-: брошюра |
| 300 | ## | $a | Напечатано типографским способом |
| 330 | ## | $a | Материалы, преподнесенные и посвященные А. Ф. Кони; Книги и другие печатные издания |
| 461 | #0 | $1 | 0013a54f2e3-e9cf-409b-80fa-f0a9bd3c40cb |
| | $1 | 2001 |
| | $a | Кони Анатолий Федорович, юрист, литератор, член академии наук, председатель Санкт-Петербургского окружного суда, член государственного совета |
| | $1 | 251 |
| | $c | Фонд |
| | $1 | 852 |
| | $j | 564 |
| 462 | #0 | $1 | 00178a475cd-a47d-4377-bff3-cee4b81de655 |
| | $1 | 2001 |
| | $a | Опись дел фонда А. Ф. Кони за 1880-1931 гг. |
| | $1 | 251 |
| | $c | Опись |
| | $1 | 852 |
| | $j | 1 |
| 600 | #1 | $a | Кони |
| | $b | А. Ф. |
| | $f | 1844-1927 |
| | $g | Анатолий Федорович |
| 600 | #1 | $a | Викторов |
| | $b | П. П. |
| 801 | #0 | $a | RU |
| | $b | GA_RF |
| 801 | #1 | $a | RU |
| | $b | НПО Опыт |
| | $c | 20130605 |
| | $2 | rusmarc |
| 801 | #2 | $a | RU |
| | $b | ПБ им. Б.Н. Ельцина |
| | $c | 20131029 |
| | $g | RCR |
| | $2 | rusmarc |
| 852 | ## | $a | ГА РФ |
| | $j | 4072 |
| 937 | ## | $d | 39790941 |
| | $h | ПБ |
| 035 | ## | $a | RuPRLIB51006634 |